[Event "Novi Sad TS 222nd"]
[Site "Novi Sad"]
[Date "2021.11.16"]
[Round "1.1"]
[White "Poprzen, Miroslav"]
[Black "Hansen, Robert J"]
[Result "1-0"]
[WhiteElo "1914"]
[BlackElo "1515"]
[PlyCount "91"]
[EventDate "2021.11.16"]
[EventType "schev"]
[EventRounds "10"]
[EventCountry "SRB"]
[SourceTitle "EXT 2023"]
[Source "ChessBase"]
[SourceDate "2022.10.05"]
[SourceVersion "1"]
[SourceVersionDate "2022.10.05"]
[SourceQuality "1"]
[WhiteTeam "Team A"]
[BlackTeam "Team B"]
[WhiteTeamCountry "SRB"]
[BlackTeamCountry "SRB"]

1. e4 Nf6 2. Nc3 e5 3. Nf3 d6 4. d4 Nbd7 5. Bc4 Be7 6. 0-0 0-0 7. h3 h6 8. Be3 c6 9. Bb3 Re8 10. a4 Qc7 11. Re1 Nf8 12. Nd2 Ng6 13. Nf1 Bf8 14. Ng3 Bd7 15. Nh5 Nh7 16. f4 exf4 17. Nxf4 Nxf4 18. Bxf4 Rad8 19. Qf3 Be6 20. d5 Bc8 21. Qg3 g5 22. Bd2 Bg7 23. Qf3 Nf8 24. Rf1 Re7 25. Qh5 Nh7 26. Rae1 Rde8 27. Qf3 Nf6 28. Qd3 Nd7 29. Be3 Ne5 30. Qd2 Kh7 31. Rf2 a6 32. Ref1 c5 33. Ne2 Ng6 34. Ng3 c4 35. Ba2 Be5 36. Nh5 b5 37. axb5 axb5 38. c3 Bh8 39. Bb1 Ne5 40. Nf6+ Bxf6 41. Rxf6 Rg8 42. h4 Ng4 43. e5+ Kg7 44. exd6 Qd7 45. dxe7 Nxf6 46. Bd4 1-0